NBA 2018-19 December Players 30 Points Games - Statistics

General Stats
  • This quiz has been taken 31 times
  • The average score is 34 of 54
Answer Stats
Player Team # % Correct
Stephen Curry Warriors 7
100%
James Harden Rockets 12
97%
Kevin Durant Warriors 4
97%
Paul George Thunder 8
97%
Anthony Davis Pelicans 6
93%
Damian Lillard Trail Blazers 6
93%
Giannis Antetokounmpo Bucks 7
93%
LeBron James Lakers 3
93%
DeMar DeRozan Spurs 4
90%
Joel Embiid 76ers 3
90%
Kawhi Leonard Raptors 5
90%
Russell Westbrook Thunder 2
90%
Bradley Beal Wizards 5
86%
Kemba Walker Hornets 4
86%
Kyrie Irving Celtics 2
86%
Blake Griffin Pistons 4
83%
Devin Booker Suns 3
83%
Karl-Anthony Towns Timberwolves 4
83%
John Wall Wizards 3
79%
Luka Doncic Mavericks 2
79%
Klay Thompson Warriors 1
76%
Jimmy Butler 76ers 2
72%
Jamal Murray Nuggets 3
69%
LaMarcus Aldridge Spurs 2
69%
Nikola Jokic Nuggets 1
69%
Tobias Harris Clippers 3
69%
Andrew Wiggins Timberwolves 1
66%
D'Angelo Russell Nets 3
66%
De'Aaron Fox Kings 1
66%
DeAndre Ayton Suns 1
66%
Jrue Holiday Pelicans 2
66%
C.J. McCollum Trail Blazers 2
62%
Derrick Rose Timberwolves 1
62%
Gordon Hayward Celtics 1
59%
Jaylen Brown Celtics 1
59%
Lou Williams Clippers 1
59%
Kyle Kuzma Lakers 2
55%
Lauri Markkanen Bulls 2
55%
Harrison Barnes Mavericks 2
52%
Julius Randle Pelicans 2
52%
Nikola Vucevic Magic 1
48%
John Collins Hawks 1
38%
Spencer Dinwiddie Nets 2
38%
Buddy Hield Kings 1
34%
Danilo Gallinari Clippers 1
34%
Marcus Morris Celtics 1
34%
Rudy Gay Spurs 1
24%
Emmanuel Mudiay Knicks 3
21%
Kent Bazemore Hawks 1
21%
T.J. Warren Suns 1
17%
Jerem Lamb Hornets 1
14%
Thomas Bryant Wizards 1
14%
Reggie Bullock Pistons 1
10%
Shabazz Napier Nets 1
0%
No matching quizzes found
Score Distribution
Percent of People with Each Score
Percentile by Number Answered
Your Score History
You have not taken this quiz